000
00247 a2200097 4500
005
20260420111107.0
020
_a
9781915261458
100
_a
Kingsley Ai
245
_a
My School Governance Handbook
260
_b
John Catt Educational Ltd : Melton
_c
2022
999
_c
216627
_d
216627